|
|
|
|
| LEADER |
00000nam a22000003a 4500 |
| 001 |
stu225969 |
| 005 |
20150617230147.9 |
| 008 |
110526s2009----xr------------------cze-d |
| 020 |
|
|
|a 978-80-87333-01-3
|
| 040 |
|
|
|a STU
|b slo
|
| 041 |
0 |
|
|a cze
|
| 044 |
|
|
|a xr
|
| 080 |
|
|
|a 620.9
|
| 080 |
|
|
|a 523.9
|
| 100 |
1 |
|
|a Murtinger, Karel
|4 aut
|
| 245 |
1 |
|
|a Fotovoltaika :
|b Elektrická energia ze slunce
|
| 260 |
|
|
|a Praha :
|b EkoWATT,
|c 2009
|
| 300 |
|
|
|a 93 s
|
| 650 |
|
7 |
|a slnečná energia
|2 stusub
|
| 650 |
|
7 |
|a fotovoltaika
|2 stusub
|
| 700 |
1 |
|
|a Beranovský, Jiří
|4 aut
|
| 700 |
1 |
|
|a Tomeš, Milan
|4 aut
|
| 856 |
4 |
|
|a https://sweb.mtf.stuba.sk/obsahy/fotovoltaika_elektricka_energie_ze_slunce_09
|u https://sweb.mtf.stuba.sk/obsahy/fotovoltaika_elektricka_energie_ze_slunce_09
|3 OBSAH
|
| 996 |
|
|
|b 284M079553
|c M*12973-1
|l MMST
|s A
|a 24
|w stu225969_0001
|
| 996 |
|
|
|b 284M079554
|c M*12973-2
|l MMKN
|s A
|a 24
|w stu225969_0002
|
| 996 |
|
|
|b 284M079555
|c M*12973-3
|l MMKN
|s A
|a 24
|w stu225969_0003
|